| 000 | 00683nam a2200229 a 4500 | ||
|---|---|---|---|
| 005 | 20210219152826.0 | ||
| 008 | 991125n 000 0 eng u | ||
| 035 | _aUPN01000062483 | ||
| 100 | _aDaniel, Larry G. | ||
| 222 | _aRESEARCH IN HIGHER EDUCATION | ||
| 245 | _aAcademic misconduct among teacher education students : a descriptive-correlational study | ||
| 300 | _a703-724 | ||
| 362 | _a1991 32, No. 6 | ||
| 653 | 0 | _aACTITUDES DEL ESTUDIANTE | |
| 653 | 0 | _aEDUCACION DEL MAESTRO EN CONSERVACION | |
| 653 | 0 | _aFRAUDE | |
| 653 | 0 | _aMODELOS DE CONDUCTA | |
| 700 | _aBlount, Kevin D. | ||
| 700 | _aFerrell, Charlotte M. | ||
| 904 |
_aAC _b000294 |
||
| 905 | _aArticulo | ||
| 999 |
_c61743 _d61743 |
||